|
|
|
|
| LEADER |
00000nam a2200000Ii 4500 |
| 001 |
DIGEPUJ0506 |
| 003 |
NyNyDIG |
| 006 |
m o d |
| 007 |
cr ||||||||||| |
| 008 |
260205s2019 ck ob 000 0 spa d |
| 035 |
|
|
|a (OCoLC)1573181990
|
| 040 |
|
|
|a DGITA
|b eng
|e rda
|e pn
|c DGITA
|
| 020 |
|
|
|a 9786287536975
|q eBook
|
| 020 |
|
|
|z 9789587813753
|
| 043 |
|
|
|a cl-----
|
| 050 |
1 |
4 |
|a JC574.2.L29 ebook
|
| 100 |
1 |
|
|a Morales, Gustavo,
|d 1973-
|e author.
|
| 245 |
1 |
4 |
|a Los cuatro mundos de América Latina :
|b clivajes sociales y hemisféricos en el temprano siglo XXI /
|c Gustavo Morales.
|
| 264 |
|
1 |
|a Santiago de Cali :
|b Pontificia Universidad Javeriana Cali,
|c 2019.
|
| 300 |
|
|
|a 1 online resource.
|
| 336 |
|
|
|a text
|b txt
|2 rdacontent
|
| 337 |
|
|
|a computer
|b c
|2 rdamedia
|
| 338 |
|
|
|a online resource
|b cr
|2 rdacarrier
|
| 347 |
|
|
|a text file
|2 rdaft
|
| 347 |
|
|
|b PDF
|
| 490 |
1 |
|
|a Colección Propositum
|
| 500 |
|
|
|a "Pontificia Universidad Javeriana, Facultad de Humanidades y Ciencias Sociales, Departamento de Ciencia Jurídica y Política"--Cover.
|
| 504 |
|
|
|a Includes bibliographical references.
|
| 588 |
0 |
|
|a Online resource; title from PDF title page (Digitalia, viewed February 5, 2026)
|
| 650 |
|
0 |
|a Neoliberalism
|z Latin America.
|
| 650 |
|
0 |
|a International relations
|x History
|y 21st century.
|
| 651 |
|
0 |
|a Latin America
|x Politics and government
|y 21st century.
|
| 791 |
2 |
|
|a Digitalia (Firm),
|e distributor.
|
| 793 |
0 |
|
|g Digitalia eBook Collection:
|a Pontificia Universidad Javeriana
|
| 776 |
0 |
8 |
|i Print version:
|a Morales, Gustavo, 1973-
|t Cuatro mundos de América Latina.
|d Santiago de Cali : Pontificia Universidad Javeriana Cali, 2019
|z 9789587813753
|
| 830 |
|
0 |
|a Colección Propositum.
|
| 856 |
4 |
0 |
|3 Digitalia Hispánica
|u https://www.digitaliapublishing.com/a/182573/
|
| 910 |
|
|
|a Premium collection: 2026
|